Pattern analysis in agricultural science /

Bibliographic Details
Other Authors: Williams, W. T.
Format: Book
Language:English
Published: Melbourne : Amsterdam ; New York : CSIRO ; Elsevier Scientific Pub. Co., [1976]
Subjects:

MARC

Tag First Indicator Second Indicator Subfields
LEADER 00000cam a2200000 i 4500
001 in00000270521
005 20151010070346.0
008 770119s1976 at a b 00100 eng d
010 |a  76004711  
020 |a 0643001697 (CSIRO) 
020 |a 0444998446 (Elsevier) 
035 |a (OCoLC)02686840 
035 |9 ABE5341AM 
040 |a COO  |c COO  |d TXA  |d UtOrBLW 
049 |a TXAM  |c [929416] 
090 |a S566  |b .P3 
245 0 0 |a Pattern analysis in agricultural science /  |c edited by W. T. Williams. 
264 1 |a Melbourne :  |b CSIRO ;  |a Amsterdam ;  |a New York :  |b Elsevier Scientific Pub. Co.,  |c [1976] 
264 4 |c ©1976 
300 |a xii, 33l pages :  |b illustrations ;  |c 24 cm. 
336 |a text  |b txt  |2 rdacontent 
337 |a unmediated  |b n  |2 rdamedia 
338 |a volume  |b nc  |2 rdacarrier 
504 |a Includes bibliographical references and index. 
650 0 |a Agricultural mathematics. 
650 0 |a Agriculture  |x Statistical methods. 
650 0 |a Matrices. 
700 1 |a Williams, W. T. 
999 |a MARS 
999 f f |s f5062544-680e-3866-a639-4dc7b2a60f2a  |i e21e159e-0681-3b1d-93f3-5e6237fc1417  |t 0 
952 f f |p ric  |a Texas A&M University  |b Rellis Campus  |c Joint Library Facility  |d Remote Storage  |t 0  |e S566 .P3  |h Library of Congress classification  |i unmediated -- volume  |m A14805180682 
998 f f |a S566 .P3  |t 0  |l Remote Storage